| 000 | 00488nmm a2200169Ia 4500 | ||
|---|---|---|---|
| 008 | 251105s9999||||xx |||||||||||||||||und|| | ||
| 020 | _a9788499402529 | ||
| 041 | _aspa | ||
| 100 | _aCabetas, Isabel | ||
| 245 | 0 |
_aEl futuro es hoy : _b Dar sabiduría a los años |
|
| 264 |
_a[Madrid, España] : _bBiblioteca Nueva, _c2011 |
||
| 300 | _a256 páginas | ||
| 490 | _aColección Quipú | ||
| 650 | _aPsychology | ||
| 856 | _uhttps://public.digitaliapublishing.com/a/14671 | ||
| 942 | _cCF | ||
| 999 |
_c92654 _d92654 |
||